000 00613nam a22001817a 4500
999 _c191391
_d191391
005 20220825163313.0
010 _aENG-134648
020 _a9789386392404
_c795.00
035 _aEN-118180
037 _bDBAD/PUB
082 _a880.08
100 _aRamakrishan E.V.
245 _aLocating indian literature:
_bTexts, traditions,translations/
_cE.V.Ramakrishan
260 _aTelangana
_c2017
_bOrient blackswan private limited
270 _a3-6-752 Himayatnagar, Hyderabad
_bTelangana
_e500029
_minfo@orientblackswan.com
300 _axii,215p.
_bIndex
_c23cm(pbk)
942 _2ddc
_cEN
_h880.08
_mRAM